00000000nam 2200000zi 4500
0019.952739
003CaOODSP
00520250910101754
006m     o  d f      
007cr mn|||||||||
008250626e202507##onca    ob   f000 0 eng d
020 |a9780660779485
040 |aCaOODSP|beng|erda|cCaOODSP
043 |an-cn---
0861 |aH22-4/44-2025E-PDF
24500|aEthical framework for the recruitment and retention of internationally educated health professionals in Canada.
24617|aEthical framework for the recruitment and retention of internationally educated health professionals in Canada, 2024
264 1|aOttawa, ON : |bHealth Canada, |cJuly 2025.
264 4|c©2025
300 |a1 online resource (ii, 25 pages) : |bcolour illustrations
336 |atext|btxt|2rdacontent
337 |acomputer|bc|2rdamedia
338 |aonline resource|bcr|2rdacarrier
500 |aIssued also in French under title: Cadre éthique pour le recrutement et le maintien en poste des professionnels de la santé formés à l'étranger au Canada.
500 |aTitle from cover.
500 |a"Pub.: 250134"--Verso of cover.
504 |aIncludes bibliographical references.
520 |a"The Ethical Framework for the Recruitment and Retention of Internationally Educated Health Professionals in Canada ("the Framework"), based on the WHO Global Code of Practice on the International Recruitment of Health Personnel (WHO Code), is intended to facilitate the adoption of ethical, responsible, fair, and transparent practices. The Framework includes voluntary considerations that aim to support the ethical recruitment and retention of internationally educated health professionals (IEHPs) to Canada. IEHPs play an important role in the delivery of health and social care in Canada and should be recruited and supported in an ethically responsible manner. The Framework has been developed in consultation with stakeholders across Canada involved in the recruitment, retention, settlement, and integration of IEHPs, including IEHPs with lived experience. Federal, provincial, and territorial governments, as well as other key actors, continue to be active participants in advancing the ethical recruitment of IEHPs to Canada, and illustrative examples have been included throughout the Framework"--Context, page 2.
650 0|aMedical personnel|xRecruiting|xGovernment policy|zCanada.
650 0|aForeign workers|xRecruiting|xGovernment policy|zCanada.
650 0|aMedical personnel|xEmployment|xGovernment policy|zCanada.
650 0|aForeign workers|xEmployment|xGovernment policy|zCanada.
650 0|aEmployee retention|xGovernment policy|zCanada.
7101 |aCanada. |bHealth Canada, |eissuing body.
77508|tCadre éthique pour le recrutement et le maintien en poste des professionnels de la santé formés à l'étranger au Canada.|w(CaOODSP)9.952741
85640|qPDF|s463 KB|uhttps://publications.gc.ca/collections/collection_2025/sc-hc/H22-4-44-2025-eng.pdf
8564 |qHTML|sN/A|uhttps://www.canada.ca/en/health-canada/services/publications/health-system-services/ethical-framework-recruitment-retention-internationally-educated-health-professionals.html
986 |a250134